书目信息 |
| 题名: |
养羊学
|
|
| 作者: | ;北京农业大学、内蒙古农牧学院、山东农学院、山西农学院 编 | |
| 分册: | ||
| 出版信息: | 北京 农业出版社 1961 |
|
| 页数: | ||
| 开本: | ||
| 丛书名: | ||
| 单 册: | ||
| 中图分类: | S826 | |
| 科图分类: | ||
| 主题词: | 家畜 | |
| 电子资源: | ||
| ISBN: | ||
| 000 | 00831nam0 2200205 450 | |
| 001 | 0662585143 | |
| 005 | 20060801172453.23 | |
| 010 | @dCNY1.85 | |
| 091 | @aK16144.1239 | |
| 100 | @a20060801d1961 km y0chiy0120 ea | |
| 101 | 0 | @achi |
| 200 | 1 | @a养羊学@Ayang yang xue@f北京农业大学、内蒙古农牧学院、山东农学院、山西农学院 编@e畜牧专业用@Fbei jing nong ye da xue、nei meng gu nong mu xue yuan、shan dong nong xue yuan、shan xi nong xue yuan bian |
| 210 | @a北京@c农业出版社@d1961 | |
| 300 | @a高等农业院校试用教材 | |
| 517 | 1 | @a畜牧专业用@Achu mu zhuan ye yong |
| 606 | 0 | @a家畜 |
| 690 | @aS826@v3 | |
| 711 | 0 | @a北京农业大学、内蒙古农牧学院、山东农学院、山西农学院@Abei jing nong ye da xue、nei meng gu nong mu xue yuan、shan dong nong xue yuan、shan xi nong xue yuan@4编 |
| 801 | 0 | @aCN@bPFT@c20060801 |
| 905 | @a10447@dS826@e36 | |
| 养羊学/北京农业大学、内蒙古农牧学院、山东农学院、山西农学院 编:畜牧专业用.-北京:农业出版社,1961 |
| 高等农业院校试用教材 |
| ISBN :CNY1.85 |
| ● |
| 相关链接 |
|
|
|
|
正题名:养羊学
索取号:S826/36
 
预约/预借
| 序号 | 登录号 | 条形码 | 馆藏地/架位号 | 状态 | 备注 |
| 1 | 0439359 | 204393593 | 密集书库/ [索取号:S826/36] | 在馆 |